000 00642nam a2200241 i 4500
001 C2-0085018
003 PPAK
005 20180727090308.0
008 970429s1993 ilua|||| ||||| | eng d
020 _a1561739006
040 _aPPAK
_beng
_cPPAK
_erda
082 0 4 _a641.5
_223
090 0 0 _a641.5
_bPLE
_dR
245 0 4 _aThe pleasures of cooking
264 1 _aIllinois :
_bPublications International ,
_c1993
300 _a608 pages :
_billustrations ;
_c28 cm
336 _2rdacontent
_atext
337 _2rdamedia
_aunmediated
338 _2rdacarrier
_avolume
500 _a10 cookbooks in 1
650 1 0 _aCookery
942 _ddc
_cB
999 _c16849
_d16849